Inorganic chemistry: solutions manual. -- 4th ed. (Record no. 47015)

MARC details
000 -LEADER
fixed length control field 00618nam a2200157 a 4500
008 - FIXED-LENGTH DATA ELEMENTS--GENERAL INFORMATION
fixed length control field 130503s2012 ||||||||||||||||| || u
020 ## - INTERNATIONAL STANDARD BOOK NUMBER
International Standard Book Number 9780273742760
050 ## - LIBRARY OF CONGRESS CALL NUMBER
Classification number QD 149.5 Hou
100 ## - MAIN ENTRY--PERSONAL NAME
Personal name Housecroft, Catherine E
245 10 - TITLE STATEMENT
Title Inorganic chemistry: solutions manual. -- 4th ed.
Statement of responsibility, etc. by Catherine E. Housecroft
250 ## - EDITION STATEMENT
Edition statement 4th ed.
260 ## - PUBLICATION, DISTRIBUTION, ETC.
Place of publication, distribution, etc. Harlow, England:
Name of publisher, distributor, etc. Pearson Education, Inc
Date of publication, distribution, etc. 2012
300 ## - PHYSICAL DESCRIPTION
Extent 400p.: ill.
650 #0 - SUBJECT ADDED ENTRY--TOPICAL TERM
Topical term or geographic name entry element CHEMISTRY, INORGANIC--HANDBOOKS, MANUALS, ETC
995 ## - RECOMMENDATION 995 [LOCAL, UNIMARC FRANCE]
-- CBU-MAIN LIBRARY (Kitwe)
-- 1
-- AVAILABLE
-- Jun 13, 2013
-- Short Loan Collection
Holdings
Withdrawn status Lost status Source of classification or shelving scheme Damaged status Not for loan Home library Current library Shelving location Date acquired Total Checkouts Full call number Barcode Date last seen Price effective from Koha item type
          CBU-MAIN LIBRARY, KITWE. CBU-MAIN LIBRARY, KITWE.   11/30/2022   QD 149.5 Hou 743944 11/30/2022 11/30/2022 MONOGRAPH